000
00305nam a2200133Ia 4500
005
20251222142028.0
008
251222s9999||||xx |||||||||||||| ||spa||
082
_a
591.5/D77
100
_a
Dimítriev, Yuri
245
0
_a
El Hombre y los Animales
250
_a
1ra.ed.
264
_b
Ráduga
942
_c
LIB
999
_c
10888
_d
10888